00529nam a2200193 a 4500001001300000003000900013005001700022008004100039020001000080082001800090100002200108245005300130260004600183300000800229500003500237505001700272650002400289700002200313nice12345678IN_TiNIC20260116011341.0050524s1937 hyda grp 000 0 eng  ac10000a297.1228bABD aAbdul Latif, Syed aConcept of Society in Islam and Prayers in Islam aHyderabadbHyderabad Printing Worksc1937 a74p aincludes index and biblioraphy2 aIndex, Illus aQuran and Sociology1 aAbdul Latif, Syed